[Event "21st Open"]
[Site "Goch GER"]
[Date "2010.10.03"]
[Round "6.18"]
[White "Welzel,P"]
[Black "Verfuerth,T"]
[Result "1/2-1/2"]
[WhiteElo "2046"]
[BlackElo "2160"]

1.d4 Nf6 2.c4 c5 3.d5 e6 4.Nc3 exd5 5.cxd5 d6 6.Nf3 g6 7.Nd2 a6 8.a4 Nbd7
9.Nc4 Nb6 10.Na3 Rb8 11.Bg5 Bg7 12.e3 O-O 13.Be2 Qc7 14.a5 Nbd7 15.Nc4 Re8
16.Bf4 Bf8 17.O-O b5 18.axb6 Nxb6 19.Na5 Nbd7 20.Qc2 Qb6 21.Nc4 Qc7 22.Rfd1 Rb4
23.Bg3 Qb8 24.h3 Nh5 25.Bh2 Nhf6 26.Ra2 Qc7 27.e4 Nb6 28.Nd2 Bg7 29.Bxa6 Bxa6
30.Rxa6 Qb7 31.Rda1 Nc8 32.R1a2 Qb8 33.f3 Bh6 34.Nf1 Nd7 35.Nd1 Bg7 36.Nd2 Bd4+
37.Kh1 Ne5  1/2-1/2

[Event "Tatry Open"]
[Site "Tatranske Zruby CZE"]
[Date "2010.10.05"]
[Round "5"]
[White "Drabek,M"]
[Black "Parak,D"]
[Result "1/2-1/2"]
[WhiteElo "2014"]
[BlackElo "2168"]

1.d4 Nf6 2.Nf3 e6 3.c4 c5 4.d5 exd5 5.cxd5 d6 6.Nc3 Be7 7.g3 O-O 8.Bg2 Re8
9.O-O a6 10.a4 Bg4 11.h3 Bf5 12.Nh4 Bc8 13.Nf3 Bf8 14.Qc2 Nbd7 15.e4 Rb8
16.a5 b5 17.axb6 Qxb6 18.Ra2 Qb3 19.Qxb3 Rxb3 20.Be3 Rb4 21.Nd2 Ne5 22.Rb1 Bb7
23.Bf1 Ra8 24.f4  1/2-1/2

[Event "TCh-ISL Div 1 2010-11"]
[Site "Reykjavik ISL"]
[Date "2010.10.08"]
[Round "1.2"]
[White "Gretarsson,Hj"]
[Black "Bergsson,Sn"]
[Result "1-0"]
[WhiteElo "2398"]
[BlackElo "2310"]

1.d4 Nf6 2.c4 c5 3.d5 e6 4.Nc3 exd5 5.cxd5 d6 6.Nf3 g6 7.Bf4 a6 8.a4 Bg7
9.e3 O-O 10.Be2 Qe7 11.h3 Nbd7 12.O-O Nh5 13.Bh2 f5 14.Nd2 Nhf6 15.Nc4 Ne8
16.Qb3 Ne5 17.Nb6 Rb8 18.Rae1 g5 19.f4 Ng6 20.fxg5 Qxe3+ 21.Kh1 Qxg5 22.Bd3 Qd8
23.Nxc8 Qxc8 24.Qc2 Nh4 25.Re6 c4 26.Bxf5 Nxf5 27.Rxf5 Nc7 28.Rxf8+ Qxf8
29.Re4 Qf1+ 30.Bg1 Rf8 31.Qd2 Rf5 32.Rg4 h5 33.Rg6 Qd3 34.Qxd3 cxd3 35.Bd4 Rf1+
36.Kh2 Ne8 37.Bxg7 Nxg7 38.Rg3 d2 39.Rd3 Nf5 40.g4 hxg4 41.hxg4 Nh6 42.g5 Ng4+
43.Kg3 Rg1+ 44.Kf4 Ne5 45.Rxd2 Rf1+ 46.Kg3 Rf3+ 47.Kg2 Rf4 48.Rc2 Rc4 49.Re2 Rg4+
50.Kh3 Rxg5 51.Ne4 Rg6 52.Nxd6 Nf3 53.Re8+ Kh7 54.Ne4 Ng1+ 55.Kh4 Kh6 56.Rf8 Kg7
57.Rf2 Rh6+ 58.Kg4 Rg6+ 59.Kf5 Nh3 60.Rc2  1-0

[Event "Tatry Open"]
[Site "Tatranske Zruby CZE"]
[Date "2010.10.08"]
[Round "8"]
[White "Valent,J"]
[Black "Krca,M"]
[Result "0-1"]
[WhiteElo "1841"]
[BlackElo "2025"]

1.d4 Nf6 2.Nf3 c5 3.d5 e6 4.c4 exd5 5.cxd5 d6 6.Nc3 g6 7.e4 Bg7 8.Bd3 O-O
9.O-O a6 10.a4 Re8 11.Bf4 Ng4 12.h3 Ne5 13.Nxe5 Bxe5 14.Bxe5 Rxe5 15.f4 Rh5
16.Be2 Rh6 17.Bg4 f5 18.exf5 Bxf5 19.Bf3 Nd7 20.Qe2 Nf6 21.Rae1 Bd7 22.Nd1 Qc7
23.Nf2  0-1

[Event "Uxbridge Young Masters"]
[Site "Denham ENG"]
[Date "2010.10.26"]
[Round "5"]
[White "Archer Lock,A"]
[Black "Juciute,E"]
[Result "1-0"]
[WhiteElo "1862"]
[BlackElo "1843"]

1.d4 Nf6 2.c4 e6 3.Nf3 c5 4.d5 exd5 5.cxd5 d6 6.Nc3 g6 7.e4 Bg7 8.Bf4 a6
9.Be2 O-O 10.a4 Nh5 11.Bd2 f5 12.Qc2 fxe4 13.Nxe4 Bf5 14.Bd3 Nf4 15.Bxf4 Bxe4
16.Bxe4 Rxf4 17.O-O Nd7 18.Rfe1 Qf6 19.Rab1 Rf8 20.Re2 Rg4 21.h3 Rf4 22.Rbe1 Qd8
23.Qb3 b6 24.g3 R4f7 25.h4 h6 26.Kg2 Qf6 27.Qd3 c4 28.Qxc4 Nc5 29.Ng1 Re7
30.Nh3 b5 31.axb5 axb5 32.Qc2 Nxe4 33.Rxe4 Qf3+ 34.Kg1 Be5 35.R1e3 Qf5 36.g4 Qf7
37.Qd3 Qf6 38.f4 Bxf4 39.Rxf4 Rxe3 40.Qxe3 Qxh4 41.Rxf8+ Kxf8 42.Qf2+ Qxf2+
43.Kxf2 Ke7 44.Ke3 Kf6 45.Kf4 g5+ 46.Ke4 Kg6 47.Nf2 h5 48.gxh5+ Kxh5 49.Kf5 Kh4
50.b4  1-0

[Event "Chigorin Mem Classic Open"]
[Site "St Petersburg RUS"]
[Date "2010.10.30"]
[Round "3"]
[White "Airapetian,G"]
[Black "Yuffa,D"]
[Result "1-0"]
[WhiteElo "2451"]
[BlackElo "2235"]

1.d4 Nf6 2.c4 e6 3.Nf3 c5 4.d5 exd5 5.cxd5 d6 6.Nc3 g6 7.g3 Bg7 8.Bg2 O-O
9.O-O Re8 10.Bf4 a6 11.a4 b6 12.Re1 Nh5 13.Bg5 Qc7 14.e4 h6 15.Bd2 Nd7 16.Qc1 Kh7
17.Rb1 Ra7 18.b4 g5 19.Qc2 Kg8 20.Rec1 g4 21.Nh4 Ne5 22.bxc5 bxc5 23.Nd1 Bf6
24.Nf5 Bxf5 25.exf5 Bg5 26.Nc3 Qd8 27.Ne4 Nf3+ 28.Bxf3 gxf3 29.Qd3 Bxd2 30.Nxd2 Qg5
31.Re1 Rae7 32.Rxe7 Rxe7 33.Nxf3 Qg4 34.Nh4 Nf6 35.a5 Qe4 36.Qxe4 Nxe4 37.Ng2 Rc7
38.Ne3 c4 39.Rb6 Rc5 40.Rxa6 c3 41.Rc6 Rxa5 42.Rc4 Nf6 43.Rxc3 Nxd5 44.Rc8+ Kg7
45.Nc4 Ne7 46.Rc7 Ra1+ 47.Kg2 Nxf5 48.g4 Nh4+ 49.Kg3 Ng6 50.Nxd6 Ra3+ 51.f3 Ne5
52.Nf5+ Kf6 53.Nh4 h5 54.gxh5 Kg5 55.Re7 f6 56.Re6 Ng4 57.Re8 Kxh5 58.Rf8 Nh6
59.Rxf6 Ra4 60.Rc6 Ra5 61.Ng2 Nf5+ 62.Kf4 Nd4 63.Rd6 Ne2+ 64.Ke3 Ng1 65.Kf2 Ra1
66.Nf4+ Kg5 67.Kg3 Kf5 68.Rd5+ Kf6 69.Rd6+ Ke5 70.Rd5+ Kf6 71.h4 Ra2 72.Rd6+ Kf5
73.Rd5+ Kf6 74.Kg4 Rf2 75.Rd6+ Kf7 76.Rd3 Ra2 77.h5 Ne2 78.Nh3 Ra4+ 79.f4 Nd4
80.Ng5+ Kf6 81.Ne4+ Kg7 82.Ng3 Ne6 83.Rf3 Kf6 84.Rf1 Rb4 85.Nf5 Rb8 86.Nh4 Rb4
87.Rf2 Rb1 88.Nf3 Rb4 89.Ne5 Ra4 90.Nd7+ Kf7 91.Kf5 Nd4+ 92.Kg4 Ne6 93.Rf1 Rb4
94.Kf5 Ng7+ 95.Kg4 Ne6 96.Ne5+ Kf6 97.Ng6 Rb2 98.Rh1 Rb8 99.Ra1 Rb6 100.Ne5 Rb4
101.Ng6 Rb6 102.Ra7 Rb1 103.Ra6 Rf1 104.Kg3 Kf7 105.Ne5+ Kf6 106.Nf3 Ke7
107.Kg4 Rf2 108.h6 Rg2+ 109.Kf5 Nf8 110.h7  1-0

[Event "VII Open"]
[Site "Figueira da Foz POR"]
[Date "2010.11.01"]
[Round "3.10"]
[White "Santos,AntonioP"]
[Black "Adams,P"]
[Result "1-0"]
[WhiteElo "2326"]
[BlackElo "2133"]

1.d4 Nf6 2.c4 e6 3.Nf3 c5 4.d5 d6 5.Nc3 exd5 6.cxd5 g6 7.e4 a6 8.a4 Bg4 9.Be2 Bxf3
10.Bxf3 Bg7 11.O-O O-O 12.Bf4 Qe7 13.Qb3 Nbd7 14.a5 Rab8 15.Rfe1 b5 16.axb6 Rxb6
17.Qc2 Rfb8 18.Ra2 Ne8 19.Be2 Nc7 20.Bd2 Bd4 21.Bf1 Qf6 22.Be3 Bxe3 23.Rxe3 Ne5
24.h3 h5 25.Be2 h4 26.Nd1 Nb5 27.Bxb5 axb5 28.Ra7 R6b7 29.Ra6 c4 30.Qd2 b4
31.Re2 Nd3 32.Qe3 Kg7 33.Rc2 b3 34.Rxc4 Nxb2 35.e5 dxe5 36.Rxf6 Nxc4 37.Qg5 b2
38.Nxb2 Rxb2  1-0

[Event "Chigorin Mem Classic Open"]
[Site "St Petersburg RUS"]
[Date "2010.11.01"]
[Round "5"]
[White "Yakimenko,Alex"]
[Black "Bove,A"]
[Result "0-1"]
[WhiteElo "2211"]
[BlackElo "2397"]

1.d4 Nf6 2.c4 e6 3.Nc3 c5 4.d5 exd5 5.cxd5 d6 6.Nf3 g6 7.g3 Bg7 8.Bg2 O-O
9.O-O Re8 10.Nd2 Nbd7 11.h3 a6 12.a4 Rb8 13.Nc4 Nb6 14.Ne3 Bd7 15.Qc2 Nc8
16.a5 Na7 17.Nc4 Bb5 18.Nxb5 Nxb5 19.e3 Nd7 20.Bd2 f5 21.Rae1 Nf6 22.Bc1 Re7
23.Rd1 Qd7 24.b3 Rbe8 25.Bb2 Qd8 26.Qc1 Nd7 27.Bxg7 Rxg7 28.Qb2 Nf6 29.Rc1 Rf7
30.Rfd1 Nd7 31.Bf1 Ref8 32.b4 f4 33.exf4 g5 34.bxc5 Nxc5 35.Ne3 gxf4 36.Ng4 Qg5
37.Bxb5 axb5 38.Nh2 fxg3 39.fxg3 Qe3+ 40.Kh1 Rf2  0-1

[Event "TCh-CHN"]
[Site "Beijing CHN"]
[Date "2010.11.03"]
[Round "17"]
[White "Xu Ruoying"]
[Black "Le Thanh Tu"]
[Result "1/2-1/2"]
[WhiteElo "2028"]
[BlackElo "2318"]

1.d4 Nf6 2.c4 c5 3.d5 e6 4.Nc3 exd5 5.cxd5 d6 6.Nf3 g6 7.Bf4 a6 8.a4 Bg7
9.e3 O-O 10.Be2 Bg4 11.h3 Bxf3 12.Bxf3 Qe7 13.Qb3 Nbd7 14.O-O Rab8 15.Ra3 Rfc8
16.Be2 Ne5 17.a5 Nfd7 18.Na4 Qd8 19.Bxe5 Bxe5 20.f4 Bg7 21.e4 Qf6 22.Bg4 Rd8
23.Bxd7 Rxd7 24.e5 dxe5 25.Nxc5 Rdd8 26.Qc4 e4 27.Rd1 Qxf4 28.Rf3 Qc7 29.Re3 b6
30.axb6 Qxb6 31.Rb3 Qc7 32.Rxb8 Qxb8 33.Nxe4 Qf4 34.Rf1 Qe3+ 35.Kh1 Qd4 36.Qc7 Qxd5
37.Rxf7 Qxf7 38.Qxd8+ Qf8 39.Qd5+ Kh8 40.Qd3 Be5 41.Ng5 Qf6 42.Nf3 Bxb2 43.Qe4 Bc3
44.Qa8+ Kg7 45.Qa7+ Kg8 46.Qa8+ Kg7 47.Qa7+  1/2-1/2

[Event "Chigorin Mem Classic Open"]
[Site "St Petersburg RUS"]
[Date "2010.11.03"]
[Round "7"]
[White "Kurukin,D"]
[Black "Slizhevsky,A"]
[Result "1-0"]
[WhiteElo "2277"]
[BlackElo "2446"]

1.d4 Nf6 2.c4 c5 3.d5 e6 4.Nc3 exd5 5.cxd5 d6 6.Nf3 g6 7.Bf4 a6 8.a4 Bg7
9.h3 O-O 10.e3 Qe7 11.Be2 Nbd7 12.O-O Ne8 13.Re1 Rb8 14.Nd2 Ne5 15.Bh2 f5
16.Kh1 Qd7 17.Qb3 b6 18.f4 Nf7 19.e4 fxe4 20.Bg4 Qb7 21.Be6 Kh8 22.Ndxe4 Nh6
23.g4 Bd7 24.Ng5 b5 25.Bxd7 Qxd7 26.Ne6 Rg8 27.axb5 axb5 28.Ra5 b4 29.Ne4 Qc8
30.Nd2 Ra8 31.Rxa8 Qxa8 32.Ne4 Qb7 33.Rd1 Nf7 34.Nxg7 Nxg7 35.Qf3 Qc8 36.Bg3 Rf8
37.Bh4 Ne5 38.Qg3 Nf7 39.Be7 Re8 40.Nxd6 Nxd6 41.Bxd6 Re2 42.Be5 c4 43.Qf3 Rc2
44.Qe4 b3 45.d6  1-0

[Event "Chigorin Mem Classic Open"]
[Site "St Petersburg RUS"]
[Date "2010.11.03"]
[Round "7"]
[White "Agaragimov,D"]
[Black "Lakerbaya,T"]
[Result "1-0"]
[WhiteElo "2333"]
[BlackElo "2134"]

1.d4 Nf6 2.Nf3 c5 3.d5 e6 4.c4 exd5 5.cxd5 d6 6.Nc3 g6 7.e4 Bg7 8.h3 a6 9.a4 O-O
10.Bd3 Re8 11.O-O Qc7 12.Re1 Nbd7 13.Bf4 Nh5 14.Bh2 Rb8 15.g4 Nhf6 16.Bf1 h5
17.e5 Nxe5 18.Nxe5 dxe5 19.d6 Qd7 20.g5 Nh7 21.Qd2 b6 22.Bg2 Bb7 23.Bxb7 Rxb7
24.h4 Nf8 25.Bg3 Kh7 26.Qd5 Ne6 27.Bxe5 Bxe5 28.Qxe5 Nd4 29.Qf4 Qh3 30.Re3 Rxe3
31.fxe3 Nf3+ 32.Kf2 Nxh4 33.Rg1 Qf5 34.Kg3 Qxf4+ 35.Kxf4 Nf5 36.Rd1 Rd7 37.Ne4 Kg7
38.Nf6 Rd8 39.d7 Kf8 40.Rd5 Ng7 41.Ke5 Ke7 42.Rd6 Nf5 43.Nd5+ Kf8 44.Rxb6 Rxd7
45.Rb8+ Kg7 46.Nf6 Ne7 47.Nxd7 Nc6+ 48.Kf4 Nxb8 49.Nxb8  1-0

[Event "14th OIBM"]
[Site "Bad Wiessee GER"]
[Date "2010.11.05"]
[Round "8.11"]
[White "Hertneck,G"]
[Black "Siebrecht,S"]
[Result "1/2-1/2"]
[WhiteElo "2541"]
[BlackElo "2421"]

1.d4 Nf6 2.c4 e6 3.Nf3 c5 4.d5 exd5 5.cxd5 d6 6.Nc3 g6 7.h3 Bg7 8.e4 O-O
9.Bd3 b5 10.Nxb5 Nxe4 11.O-O Nf6 12.Bf4 Ne8 13.Qd2 Qb6 14.Bh6 Ba6 15.a4 Nd7
16.Rfe1 Ndf6 17.Bxg7 Kxg7 18.Bc4 Bc8 19.a5 Qd8 20.Nc3 Rb8 21.b3 Nc7 22.Ng5 Ba6
23.Nce4 Bxc4 24.bxc4 Nce8 25.Qc3 Kg8 26.Rab1 Rxb1 27.Rxb1 h6 28.Nxf6+ Nxf6
29.Nf3 Re8 30.Rb7 Re2 31.a6 Ra2 32.Rxa7 Ne4 33.Qe3 Nxf2 34.Re7 Kf8 35.Rb7 Kg7
36.a7 Qf6 37.Rb8 Qa1+ 38.Qe1 Nd3 39.Qxa1+ Rxa1+ 40.Ne1 Rxe1+ 41.Kh2 Ra1 42.a8=Q Rxa8
43.Rxa8 Nb2 44.Kg3 Nxc4 45.Kf4 Nb6 46.Ra6 Nxd5+ 47.Kf3 Kf6 48.Rxd6+ Ke5 49.Rd7 f6
50.Rg7 g5 51.Rh7 c4 52.Rxh6 c3 53.Rh8 Kd4 54.Rc8 Kd3 55.Rd8 Kc4 56.Ke4 Ne7
57.Re8 Ng6 58.g3 c2 59.Rc8+ Kb3 60.Kd3 Ne5+ 61.Kd2 Nf3+ 62.Kc1 Nd4 63.Re8 f5
64.h4 gxh4 65.gxh4 f4 66.Re4 Kc3 67.Rxd4 Kxd4 68.Kxc2 f3 69.Kd2 Ke4 70.Ke1 Kf4
71.Kf2 Kg4 72.h5 Kxh5 73.Kxf3  1/2-1/2

[Event "2nd Balkan Grand Prix Final"]
[Site "Belgrade SRB"]
[Date "2010.11.12"]
[Round "1"]
[White "Rusev,K"]
[Black "Jianu,V"]
[Result "1/2-1/2"]
[WhiteElo "2530"]
[BlackElo "2538"]

1.d4 Nf6 2.c4 c5 3.d5 e6 4.Nf3 d6 5.Nc3 exd5 6.cxd5 g6 7.h3 Bg7 8.e4 O-O
9.Bg5 Re8 10.Bd3 c4 11.Bc2 b5 12.a3 Nbd7 13.O-O Nc5 14.Nd4 Qb6 15.Re1 Bb7
16.Be3 a6 17.Nf3 Nfd7 18.Bd4 Ne5 19.Nxe5 dxe5 20.Be3 Qd6 21.Qd2  1/2-1/2

[Event "TCh-SVK Extraliga 2010-11"]
[Site "Modra SVK"]
[Date "2010.11.27"]
[Round "1"]
[White "Srvatka,I"]
[Black "Skara,V"]
[Result "1-0"]
[WhiteElo "2205"]
[BlackElo "2161"]

1.d4 Nf6 2.c4 e6 3.Nf3 c5 4.d5 exd5 5.cxd5 d6 6.Nc3 g6 7.e4 Bg7 8.Bf4 O-O
9.Nd2 Na6 10.Be2 Nc7 11.a4 b6 12.O-O Nfe8 13.Bf3 Rb8 14.Re1 h5 15.Nc4 Ba6
16.Na3 g5 17.Be3 g4 18.Be2 Bc8 19.Qd2 Be5 20.Bg5 f6 21.Bh4 Qe7 22.f4 Bd4+
23.Kh1 Qg7 24.Nc2 f5 25.Bd3 Nf6 26.Nxd4 cxd4 27.Nb5 Nxb5 28.axb5 fxe4 29.Bxe4 Ne8
30.Bg5 Rb7 31.Bd3 Rbf7 32.Qc2 Nc7 33.Bg6 Nxd5 34.Bxf7+ Qxf7 35.Qe4 Ne3 36.Qxd4 Nc2
37.Qxd6 Nxa1 38.Rxa1 Re8 39.Bf6 Bb7 40.Be5 Rc8  1-0

[Event "XXIII Belgrade Trophy"]
[Site "Obrenovac SRB"]
[Date "2010.11.29"]
[Round "6.57"]
[White "Mrdak,M"]
[Black "Djurdjevic,P2"]
[Result "0-1"]
[WhiteElo "2061"]
[BlackElo "1938"]

1.d4 Nf6 2.Nf3 c5 3.d5 e6 4.c4 exd5 5.cxd5 d6 6.Nc3 g6 7.g3 Bg7 8.Bg2 a6
9.a4 Nbd7 10.O-O O-O 11.Re1 Re8 12.Nd2 Rb8 13.Nc4 Ne5 14.Nxe5 Rxe5 15.f4 Re8
16.Qd3 Bd7 17.a5 Rc8 18.Qc4 Ng4 19.e3 f5 20.h3 Nf6 21.Kh2 Re7 22.Bd2 Qe8
23.e4 Bb5 24.Qb3 fxe4 25.Re3 Bd3 26.Rae1 c4 27.Qb6 Qd7 28.Bxe4 Bxe4 29.Nxe4 Nxd5
30.Nf6+ Bxf6 31.Rxe7 Nxe7 32.Qe3 Nf5 33.Qe4 d5 34.Qf3 Bxb2 35.g4 Ng7 36.f5 Qd6+
37.Kh1 Re8 38.Rf1 Be5 39.Bg5 Rf8 40.Rd1 d4 41.Qxb7 gxf5 42.Be7 Qb8 43.Qd5+ Rf7
44.gxf5 Nxf5 45.Rg1+ Ng3+ 46.Rxg3+ Bxg3 47.Qg5+ Rg7 48.Qd5+ Kh8 49.Bf6 Qb1+
50.Kg2  0-1

[Event "TCh-HUN 2010-11"]
[Site "Zalaegerszeg HUN"]
[Date "2010.12.05"]
[Round "4"]
[White "Csiszar,Z"]
[Black "Szieberth,A"]
[Result "0-1"]
[WhiteElo "2276"]
[BlackElo "2320"]

1.d4 Nf6 2.c4 c5 3.d5 e6 4.Nc3 exd5 5.cxd5 d6 6.Nf3 g6 7.Bf4 a6 8.a4 Bg7
9.e3 O-O 10.Qb3 Nh5 11.Bg5 f6 12.Bh4 g5 13.Bg3 Qe7 14.Be2 Nd7 15.Nd2 Nxg3
16.hxg3 Ne5 17.Nc4 Nxc4 18.Bxc4 f5 19.Qc2 Bd7 20.g4 Bxc3+ 21.bxc3 fxg4 22.Bd3 Rf7
23.g3 Raf8 24.Rf1 Bf5 25.Rd1 b5 26.a5 c4 27.Bxf5 Rxf5 28.Qe2 h5 29.Rd4 Qf7
30.Qd2 Rf3 31.Qe2 Qf5 32.e4 Qf6 33.Qd2 Rxg3 34.Rh1 Rg2  0-1

[Event "48th ch-IND"]
[Site "New Delhi IND"]
[Date "2010.12.09"]
[Round "1"]
[White "Thejkumar,M"]
[Black "Singh,DP"]
[Result "1/2-1/2"]
[WhiteElo "2448"]
[BlackElo "2326"]

1.d4 Nf6 2.Nf3 e6 3.c4 c5 4.d5 d6 5.Nc3 exd5 6.cxd5 g6 7.e4 Bg7 8.Bg5 O-O
9.Nd2 h6 10.Bh4 b6 11.Be2 Ba6 12.Bxa6 Nxa6 13.O-O Qd7 14.a4 Rfe8 15.Re1 Ng4
16.Nc4 Ne5 17.Nxe5 Bxe5 18.Qd2 Nb4 19.f4 Bg7 20.Bg3 c4 21.Re2 Nd3 22.Rf1 f5
23.e5 dxe5 24.fxe5 Nxe5  1/2-1/2

[Event "17th Open A"]
[Site "Zadar CRO"]
[Date "2010.12.13"]
[Round "3.23"]
[White "Tomazini,A"]
[Black "Zufic,M"]
[Result "1/2-1/2"]
[WhiteElo "2284"]
[BlackElo "2442"]

1.d4 Nf6 2.Nf3 c5 3.d5 e6 4.c4 exd5 5.cxd5 d6 6.Nc3 a6 7.a4 g6 8.Bf4 Bg7
9.h3 O-O 10.e3 Qe7 11.Be2 Nbd7 12.O-O Ne8 13.Re1 b6 14.e4 Ne5 15.Bh2 Rb8
16.Nd2 g5 17.Nc4 Nxc4 18.Bxc4 Be5 19.Be2 Nf6 20.Qd2 Kh8 21.Qd3 Rg8 22.Bxe5 Qxe5
23.Qg3 Qxg3 24.fxg3 Nd7 25.Rf1 Ne5 26.Rf6 Rg6 27.Raf1 Kg7 28.R6f2 Kf8 29.b3 Ke7
30.Nd1 b5 31.axb5 axb5 32.Ne3 Bd7 33.Bg4 Re8 34.Bxd7 Kxd7 35.Ng4 Nxg4 36.Rxf7+ Re7
37.Rxe7+ Kxe7 38.hxg4 Rg8 39.Ra1 Rc8 40.Kf2 c4 41.bxc4 Rxc4 42.Ke3 Ra4 43.Rb1 b4
44.Rh1 Ra3+ 45.Kd4 Rxg3 46.Rxh7+ Kd8 47.Rb7 b3 48.Rb5 Ke7 49.Rb7+ Kd8 50.Rb4 Kc7
51.Rb5 Kd8 52.Rb4  1/2-1/2

[Event "17th Open A"]
[Site "Zadar CRO"]
[Date "2010.12.14"]
[Round "4.5"]
[White "Kozul,Z"]
[Black "Cebalo,M"]
[Result "0-1"]
[WhiteElo "2595"]
[BlackElo "2495"]

1.d4 Nf6 2.Nf3 e6 3.c4 c5 4.d5 d6 5.Nc3 exd5 6.cxd5 g6 7.e4 a6 8.a4 Bg4 9.Be2 Bxf3
10.Bxf3 Bg7 11.O-O O-O 12.Bf4 Qe7 13.Re1 Nbd7 14.Qd2 Rfe8 15.a5 h5 16.Na4 Nh7
17.h3 Bd4 18.Rab1 Qf6 19.b4 c4 20.Be3 Bxe3 21.Rxe3 Ng5 22.Rbe1 Nxf3+ 23.Rxf3 Qg7
24.Rc3 Rac8 25.f3 Re7 26.Rec1 f5 27.exf5 gxf5 28.h4 Ne5 29.Nb6 Rcc7 30.Qg5 Nd3
31.Rb1 Re2 32.Rxc4 Qxg5 33.hxg5 Rg7 34.f4 Rge7 35.Nc8 R7e3 36.Rc3 Rg3 37.Rxd3 Rxd3
38.Nxd6 Rxd5 39.Nxb7 Rdd2 40.Kh1 Rxg2 41.Nd6 h4 42.Re1 h3 43.Re8+ Kh7  0-1

[Event "European Rapid Championship"]
[Site "Warsaw POL"]
[Date "2010.12.18"]
[Round "2"]
[White "Tregubov,P"]
[Black "Jancovic,P"]
[Result "1-0"]
[WhiteElo "2598"]
[BlackElo "2167"]

1.d4 Nf6 2.Nf3 e6 3.c4 c5 4.d5 exd5 5.cxd5 d6 6.Nc3 g6 7.Nd2 Bg7 8.e4 O-O
9.Be2 Nbd7 10.O-O a6 11.a4 Re8 12.f4 Qe7 13.Bf3 Rb8 14.Nc4 b5 15.axb5 axb5
16.Na5 Bb7 17.Nc6 Bxc6 18.dxc6 Nf8 19.Nd5 Nxd5 20.exd5 Rbc8 21.Qc2 h6 22.Bd2 b4
23.Rae1 Qc7 24.b3 Nh7 25.f5 g5 26.f6 Bxf6 27.Bg4 Ra8 28.Bd7 Bd4+ 29.Kh1 Rxe1
30.Rxe1 Nf6 31.Qf5 Kg7 32.h4 gxh4 33.Qf4 h5 34.Qg5+ Kf8 35.Qxh4 Be5 36.Rxe5 dxe5
37.Qxf6 Ra1+ 38.Kh2 e4+ 39.d6  1-0

[Event "European Rapid Championship"]
[Site "Warsaw POL"]
[Date "2010.12.19"]
[Round "9"]
[White "Riazantsev,A"]
[Black "Lovkov,R"]
[Result "1-0"]
[WhiteElo "2689"]
[BlackElo "2414"]

1.d4 Nf6 2.c4 c5 3.d5 e6 4.Nc3 exd5 5.cxd5 d6 6.Nf3 g6 7.Bf4 a6 8.a4 Bg7
9.h3 Qe7 10.e3 O-O 11.Be2 h6 12.Nd2 Nbd7 13.O-O Rb8 14.Nc4 Ne8 15.a5 g5 16.Bh2 Ne5
17.Nb6 Bf5 18.Re1 Bg6 19.Ra3 Nd7 20.Rb3 Nxb6 21.Rxb6 Rd8 22.Nb1 f5 23.Na3 Rf7
24.Nc4 Qf8 25.Qd2 f4 26.exf4 gxf4 27.Bg4 Bf5 28.Bh5 Re7 29.Rxe7 Qxe7 30.Bxf4 Nf6
31.Nxd6 Nxh5 32.Nxf5 Qe4 33.Nxh6+ Kh7 34.Nf7 Qb1+ 35.Kh2 Re8 36.Re6 Rf8 37.Ng5+ Kg8
38.Bd6 Rd8 39.Qe2 Nf6 40.Rxf6  1-0

[Event "European Rapid Championship"]
[Site "Warsaw POL"]
[Date "2010.12.19"]
[Round "10"]
[White "Grabarczyk,M"]
[Black "Janaszak,Daw"]
[Result "1-0"]
[WhiteElo "2438"]
[BlackElo "2319"]

1.d4 Nf6 2.c4 c5 3.d5 e6 4.Nc3 exd5 5.cxd5 d6 6.Nf3 g6 7.h3 Bg7 8.e4 O-O
9.Bd3 a6 10.a4 Re8 11.O-O Nbd7 12.Bf4 c4 13.Bc2 Nc5 14.Re1 Rb8 15.e5 Nh5
16.Bh2 dxe5 17.Nxe5 Ra8 18.Nxc4 Bd7 19.Qf3 f5 20.a5 f4 21.Nb6 Rb8 22.b4 Qf6
23.Ne2 Bb5 24.Nxf4 Qxa1 25.Rxa1 Bxa1 26.Ne6 Nxe6 27.Bxb8 Nd4 28.Qd1 Bc3 29.Kh2 Rxb8
30.Bd3 Nf4 31.Bxb5 axb5 32.d6 Rd8 33.d7 Kf7 34.Qc1 Nde2 35.Qe3 Bd4 36.Qf3 Bxb6
37.axb6 Rxd7 38.g3 g5 39.gxf4 Nxf4 40.Qg4 Rd5 41.Qc8 Rd3 42.Qxb7+ Kf6 43.Qc6+ Ke7
44.b7 Rxh3+ 45.Kg1 Ne2+ 46.Kf1 Nd4 47.Qe4+  1-0

[Event "48th ch-IND"]
[Site "New Delhi IND"]
[Date "2010.12.20"]
[Round "11"]
[White "Sundararajan,K"]
[Black "Singh,DP"]
[Result "1-0"]
[WhiteElo "2449"]
[BlackElo "2326"]

1.d4 Nf6 2.c4 e6 3.Nf3 c5 4.d5 exd5 5.cxd5 d6 6.Nc3 g6 7.Nd2 Na6 8.Nc4 Nc7
9.a4 b6 10.e4 Bg7 11.Bf4 O-O 12.Be2 Ba6 13.O-O Nh5 14.Be3 Re8 15.g4 Qh4 16.gxh5 Bxc4
17.Bxc4 Be5 18.f4 Bxc3 19.bxc3 Rxe4 20.Bf2 Qxf4 21.Bd3 Re5 22.hxg6 hxg6 23.c4 Kg7
24.Ra2 Rg5+ 25.Bg3 Qd4+ 26.Raf2 Re8 27.Kh1 f5 28.Qa1 Qxa1 29.Rxa1 Rg4 30.Bxd6 Na6
31.a5 Nb4 32.Bf1 Kf6 33.axb6 axb6 34.Bc7 b5 35.d6  1-0

[Event "Amitan Memorial"]
[Site "Donetsk UKR"]
[Date "2010.12.25"]
[Round "7"]
[White "Hamitevici,V"]
[Black "Andreev,Ed UKR"]
[Result "0-1"]
[WhiteElo "2417"]
[BlackElo "2469"]

1.d4 Nf6 2.c4 e6 3.Nf3 c5 4.d5 d6 5.Nc3 exd5 6.cxd5 g6 7.e4 a6 8.a4 Bg4 9.Qb3 Bxf3
10.Qxb7 Nbd7 11.gxf3 Bg7 12.Qc6 O-O 13.Qxd6 Nh5 14.f4 Qa5 15.Bd2 Qb4 16.Be2 Ndf6
17.f3 Rfd8 18.Qc6 Rdc8 19.Qd6 Rd8 20.Qe5 Qxb2 21.Rb1 Qc2 22.Rc1 Qb2 23.Nd1 Qb7
24.Qg5 Nxd5 25.exd5 Rxd5 26.f5 Re8 27.Ne3 Rxd2 28.Kxd2 Qb4+ 29.Kd1 Bf6 30.Qg4 Rd8+
31.Bd3 Rxd3+ 32.Ke2 Qd2+  0-1

[Event "Surfers Paradise Open"]
[Site "Gold Coast AUS"]
[Date "2010.12.27"]
[Round "3"]
[White "Brown,An"]
[Black "Zhao Zong Yuan"]
[Result "1-0"]
[WhiteElo "2175"]
[BlackElo "2586"]

1.d4 Nf6 2.c4 e6 3.Nf3 c5 4.d5 d6 5.Nc3 exd5 6.cxd5 g6 7.e4 a6 8.a4 Bg4 9.Be2 Bxf3
10.Bxf3 Nbd7 11.O-O Bg7 12.Bf4 Qe7 13.Qc2 O-O 14.h3 Rfe8 15.Rae1 Rac8 16.Bh2 c4
17.g4 Nc5 18.Bg2 Nd3 19.Re2 g5 20.f4 gxf4 21.Bxf4 Nd7 22.e5 N7xe5 23.Ne4 Nxf4
24.Rxf4 b5 25.g5 Qa7+ 26.Kh1 Nd3 27.Rh4 Bxb2  1-0

[Event "WSB Masters GM"]
[Site "Wroclaw POL"]
[Date "2010.12.28"]
[Round "2"]
[White "Grabarczyk,M"]
[Black "Simacek,P"]
[Result "1/2-1/2"]
[WhiteElo "2438"]
[BlackElo "2469"]

1.d4 Nf6 2.c4 c5 3.d5 e6 4.Nf3 exd5 5.cxd5 d6 6.Nc3 g6 7.h3 Bg7 8.e4 O-O
9.Bd3 b5 10.Bxb5 Nxe4 11.Nxe4 Qa5+ 12.Nfd2 Qxb5 13.Nxd6 Qa6 14.N2c4 Nd7 15.O-O Ne5
16.Nxe5 Qxd6 17.Nc6 Bb7 18.Be3 Bxc6 19.dxc6 Qxc6 20.Rc1 c4 21.Qe2 Rfc8 22.Rc2 Qa4
23.b3 cxb3 24.axb3 Qxb3  1/2-1/2

[Event "WSB Masters GM"]
[Site "Wroclaw POL"]
[Date "2010.12.28"]
[Round "2"]
[White "Golichenko,I"]
[Black "Butkiewicz,L"]
[Result "1/2-1/2"]
[WhiteElo "2417"]
[BlackElo "2408"]

1.d4 Nf6 2.c4 c5 3.d5 e6 4.Nc3 exd5 5.cxd5 d6 6.Nf3 g6 7.g3 Bg7 8.Bg2 O-O
9.O-O Re8 10.Nd2 a6 11.a4 Nbd7 12.h3 Rb8 13.Nc4 Ne5 14.Na3 Nh5 15.e4 Bd7
16.a5 Qxa5 17.f4 Nc4 18.g4 Ng3 19.Re1 f5 20.Nxc4 Qxa1 21.Nxd6 Nxe4 22.Bxe4 fxe4
23.Qb3 Qa5 24.Nxe8 Rxe8 25.Qxb7 Bxc3 26.Qxd7 Bd4+ 27.Kg2 Qxe1  1/2-1/2

[Event "Surfers Paradise Open"]
[Site "Gold Coast AUS"]
[Date "2010.12.29"]
[Round "7"]
[White "Lekkas Frank"]
[Black "Nakauchi,G"]
[Result "0-1"]
[WhiteElo "1914"]
[BlackElo "2128"]

1.d4 Nf6 2.c4 c5 3.d5 e6 4.Nc3 exd5 5.cxd5 d6 6.Nf3 g6 7.Nd2 Bg7 8.e4 O-O
9.Be2 a6 10.a4 Re8 11.O-O Nbd7 12.f4 Qc7 13.Re1 h6 14.Bf3 Rb8 15.a5 c4 16.Qa4 b5
17.axb6 Nxb6 18.Qa5 g5 19.Nf1 g4 20.Bd1 Qb7 21.Ng3 h5 22.Ba4 Nxa4 23.Qxa4 h4
24.Nh5 Bd7 25.Nxf6+ Bxf6 26.Qxa6 Qc7 27.e5 Ra8 28.Qxa8 Rxa8 29.Rxa8+ Kg7
30.e6 fxe6 31.dxe6 Bc6 32.e7 Qb7 33.e8=N+ Kh7 34.Nxf6+  0-1

[Event "Unna Open 2010"]
[Site "Unna GER"]
[Date "2010.12.29"]
[Round "6.3"]
[White "Maniocha,M"]
[Black "Arndt,S"]
[Result "0-1"]
[WhiteElo "2052"]
[BlackElo "2206"]

1.d4 Nf6 2.c4 c5 3.d5 e6 4.Nc3 exd5 5.cxd5 d6 6.Nf3 g6 7.Bf4 a6 8.a4 Bg7
9.Qd2 O-O 10.Bh6 Bg4 11.Bxg7 Kxg7 12.Qf4 Qb6 13.Qd2 Nbd7 14.h3 Bxf3 15.exf3 Rfe8+
16.Be2 Re5 17.O-O Qb4 18.Rfd1 Rae8 19.Bf1 c4 20.Qd4 b5 21.axb5 axb5 22.Ra7 Nc5
23.g4 h6 24.f4 Re4 25.Nxe4 Rxe4 26.Qd2 Qxd2 27.Rxd2 Rxf4 28.Bg2 Nfd7 29.Re2 Ne5
30.Ra5 Nb3 31.Ra6 Nd4 32.Re3 Rf6 33.Be4 g5 34.Kg2 Nd7 35.Bf5 Nc5 36.Ra8 Nxf5
37.gxf5 Nd3 38.Rb8 Nf4+ 39.Kg3 Rxf5 40.Rxb5 Nh5+ 41.Kg2 Nf4+ 42.Kg1 Kf6 43.Rb6 Rxd5
44.Rc6 Rd1+ 45.Kh2 Rd2 46.Rf3 Ke5 47.Rxc4 Rxb2 48.Rcc3 d5 49.Rb3 Rd2 50.Rbe3+ Kf5
51.Kg3 f6 52.h4 d4 53.Ra3 Rd1 54.hxg5 fxg5 55.Rxf4+ gxf4+ 56.Kf3 Re1 57.Ra8 Re6
58.Rf8+ Rf6 59.Re8 Ra6 60.Rf8+ Ke5 61.Re8+ Kd5 62.Kxf4 Rf6+ 63.Kg3 Kc4 64.Rc8+ Kb3
65.Rb8+ Kc2 66.Ra8 Kd2 67.f4 d3 68.Kf3 Rd6 69.f5 Kd1 70.Ra4 d2 71.Ra1+ Kc2
72.Ke4 d1=Q 73.Rxd1 Rxd1  0-1

[Event "19th Donau Open"]
[Site "Aschach AUT"]
[Date "2010.12.30"]
[Round "6"]
[White "Schreiner,Pe"]
[Black "Neumeier,K"]
[Result "1/2-1/2"]
[WhiteElo "2260"]
[BlackElo "2374"]

1.d4 Nf6 2.c4 c5 3.d5 e6 4.Nc3 exd5 5.cxd5 d6 6.Nf3 g6 7.h3 Bg7 8.Bf4 O-O
9.e3 Qe7 10.Be2 Na6 11.Nd2 Nc7 12.Nc4 Rd8 13.O-O b6 14.a4 Bb7 15.Bf3 Ba6
16.Qb3 Bxc4 17.Qxc4 Nd7 18.Nb5 Ne5 19.Bxe5 Bxe5 20.Nxc7 Qxc7 21.Rab1 Qe7  1/2-1/2